Statistics for Alaska Rivers

Click here to take the quiz!

General Stats

  • This quiz has been taken 5 times
  • The average score is 3 of 15

Answer Stats

HintAnswer% Correct
.Yukon
100%
.Susitna
50%
.Kuskokwim
25%
.Matanuska
25%
.Porcupine
25%
.Tanana
25%
.Alsek
0%
.Chitina
0%
.Copper
0%
.Kenai
0%
.Koyukuk
0%
.Nenana
0%
.Stikine
0%
.Talachulitna
0%
.Talkeetna
0%

Score Distribution

Percentile by Number Answered

Percent of People with Each Score

Your Score History

You have not taken this quiz